000 00546nam a2200229Ia 4500
003 OSt
005 20220918204315.0
006 a|||||r|||| 00| 0
007 ta
008 220917b |||||||| |||| 00| 0 eng d
024 _a112,005
037 _cTextual
040 _aARTS
_cARTS
_beng
041 _2eng
_aeng
082 _aV52:1wM42, F3
100 _aGiolitti
_9111483
245 0 _aMemoirs of my life
260 _c1923
650 _aHISTORY
942 _hV52:1wM42, F3
_cTEXL
_2CC
999 _c235354
_d235354